00514nam a22001577a 450000500170000000800410001702000180005804100130007608200150008910000270010424501080013125000180023926000440025730000300030165000250033120231026130233.0231026b |||||||| |||| 00| 0 eng d a9780409057409 aEnglish  a346.7 KLO  aKlopper, HB lEnglish  aThe Law of Third-Party Compensation : bIn terms of the Road Accident Fund Act 56 of 1996 /cHB Klopper aThird Edition aDurban : bLexisNexis (Pty) Ltd, c2012 bxx, 481 pages ; c25 cm.  aLegal practice bLaw